Flags of Subnational Units 6 - Statistics

General Stats
  • This quiz has been taken 50 times
  • The average score is 10 of 20
Answer Stats
Picture Hint Answer % Correct
USA Texas
100%
UK Wales
97%
USA Maryland
86%
UK Cornwall
81%
Canada British Columbia
78%
UK Falkland Islands
73%
Finland Åland Islands
70%
New Zealand Tokelau
70%
Australia Cocos Islands
65%
Latvia Riga
57%
Germany Bremen
38%
Canada Montreal
38%
Brazil Fortaleza
30%
New Zealand Nelson
22%
Netherlands Drenthe
16%
Russia Samara Oblast
16%
Georgia Adjara
14%
France Calais
14%
Malaysia Terengganu
8%
Ukraine Dnipropetrovesk
3%
No matching quizzes found
Score Distribution
Percent of People with Each Score
Percentile by Number Answered
Your Score History
You have not taken this quiz